[Event "DVM U14 2017"]
[Site "Verden/Aller GER"]
[Date "2017.12.29"]
[Round "5"]
[White "Gatkewicz, Maurizio"]
[Black "Skabs, Denis"]
[Result "0-1"]
[Termination "normal"]
[Board "8.2"]
[WhiteElo "1642"]
[BlackElo "1717"]
[WhiteTeam "SF Konz-Karthaus"]
[BlackTeam "SF Brackel"]
[PlyCount "174"]
[WhiteFideId "16255658"]
[BlackFideId "16248449"]
[EventCountry "GER"]
[EventRounds "7"]
[EventType "team-swiss"]
[EventDate "2017.12.26"]

1. e4 e5 2. Nf3 Nc6 3. Bb5 a6 4. Ba4 Nf6 5. O-O b5 6. Bb3 Be7 7. Re1 d6 8. d3
Na5 9. Nbd2 Nxb3 10. axb3 c5 11. Nf1 Bd7 12. Ng3 O-O 13. h3 Qc7 14. Bg5 h6 15.
Be3 Rfb8 16. Nh2 Bf8 17. Nh5 Qd8 18. Nxf6+ Qxf6 19. Qf3 Qxf3 20. Nxf3 a5 21.
Bd2 b4 22. Be3 Rb6 23. Ra2 Rba6 24. Rea1 f5 25. exf5 Bxf5 26. Nd2 d5 27. f3 Be7
28. Kf1 Kf7 29. g4 Bd7 30. Ke2 Kg6 31. Bf2 h5 32. Bg3 Bf6 33. Nf1 Kf7 34. Ne3
hxg4 35. fxg4 Ke6 36. h4 g6 37. g5 Bg7 38. Rf1 a4 39. Rfa1 a3 40. Nd1 Ke7 41.
Rb1 Bg4+ 42. Kd2 Bxd1 43. Kxd1 axb2 44. Rxa6 Rxa6 45. Rxb2 Ra1+ 46. Ke2 e4 47.
c3 bxc3 48. Rc2 exd3+ 49. Kxd3 Rb1 50. Bf2 Kd6 51. Bg3+ Kc6 52. Re2 Kd7 53. Rf2
Ke7 54. Re2+ Kf7 55. Bd6 Rxb3 56. Re7+ Kg8 57. Bxc5 c2+ 58. Kd2 c1=Q+ 59. Kxc1
Rc3+ 60. Kd2 Rxc5 61. Rd7 d4 62. Rd8+ Kh7 63. Rd7 Rf5 64. Kd3 Rf4 65. Rd5 Rxh4
66. Kd2 Rf4 67. Ke2 Rf5 68. Rxf5 gxf5 69. Kf3 Be5 70. Ke2 Kg6 71. Kf3 Kxg5 72.
Ke2 Kf4 73. Kf2 d3 74. Ke1 Ke3 75. Kd1 Bb2 76. Ke1 d2+ 77. Kd1 f4 78. Kc2 Ke2
79. Kb3 d1=Q+ 80. Kc4 Qd4+ 81. Kb5 Qc3 82. Kb6 Qc4 83. Kb7 Qc5 84. Kb8 Qc6 85.
Ka7 Qb5 86. Ka8 Qa6+ 87. Kb8 Be5# 0-1

[Event "DVM U14 2017"]
[Site "Verden/Aller GER"]
[Date "2017.12.29"]
[Round "5"]
[White "Schneider, Daniel"]
[Black "Biermann, Sophie"]
[Result "1/2-1/2"]
[Termination "normal"]
[Board "8.3"]
[WhiteElo "1545"]
[BlackElo "1594"]
[WhiteTeam "SF Brackel"]
[BlackTeam "SF Konz-Karthaus"]
[PlyCount "96"]
[WhiteFideId "16248465"]
[BlackFideId "16208960"]
[EventCountry "GER"]
[EventRounds "7"]
[EventType "team-swiss"]
[EventDate "2017.12.26"]

1. d4 d5 2. Bf4 Nf6 3. e3 c6 4. c4 e6 5. Nf3 Nbd7 6. Nbd2 Be7 7. Bd3 dxc4 8.
Nxc4 Nb6 9. Nfe5 Nxc4 10. Nxc4 b5 11. Ne5 Bb4+ 12. Ke2 Bb7 13. Rc1 Qd5 14. Qb3
Qxb3 15. axb3 Rc8 16. h4 Ke7 17. Rhg1 a6 18. g4 c5 19. h5 cxd4 20. exd4 Rhd8
21. Be3 Bd6 22. Rxc8 Rxc8 23. f4 Ne4 24. g5 Bd5 25. Bxe4 Bxe4 26. Rc1 Rc2+ 27.
Rxc2 Bxc2 28. b4 Be4 29. Bd2 f6 30. Ng4 fxg5 31. fxg5 Bf5 32. Kf3 Bc2 33. Ne3
Bb3 34. Kg4 Kf7 35. Ng2 Bd1+ 36. Kh4 Bf3 37. Ne1 Be2 38. Ng2 Bf3 39. Ne1 Be2
40. Nc2 Bd3 41. Ne1 Be4 42. Kg4 e5 43. dxe5 Bxe5 44. Bc3 Ke6 45. Bxe5 Kxe5 46.
h6 g6 47. b3 Ke6 48. Kf4 Kd5 1/2-1/2

[Event "DVM U14 2017"]
[Site "Verden/Aller GER"]
[Date "2017.12.29"]
[Round "5"]
[White "Waffenschmidt, Lars"]
[Black "Abele, Anais"]
[Result "1/2-1/2"]
[Termination "normal"]
[Board "9.1"]
[WhiteElo "1715"]
[BlackElo "1666"]
[WhiteTeam "SK Bebenhausen"]
[BlackTeam "SC Aurich"]
[PlyCount "85"]
[WhiteFideId "16244656"]
[BlackFideId "16208927"]
[EventCountry "GER"]
[EventRounds "7"]
[EventType "team-swiss"]
[EventDate "2017.12.26"]

1. e4 c5 2. c3 d5 3. exd5 Nf6 4. d4 Nxd5 5. Nf3 e6 6. Bd3 cxd4 7. Nxd4 Be7 8.
O-O Nd7 9. Nd2 N7f6 10. N2f3 O-O 11. Qe2 a6 12. Rd1 Qc7 13. g3 Bd6 14. Ng5 Re8
15. Nb3 h6 16. Ne4 Nxe4 17. Qxe4 Nf6 18. Qc4 Qe7 19. Be3 b5 20. Qc6 Bb7 21.
Qxd6 Qxd6 22. Bh7+ Kxh7 23. Rxd6 Bd5 24. Nc5 Ne4 25. Rxa6 Nxc5 26. Rxa8 Rxa8
27. Bxc5 Rxa2 28. Rb1 Ra8 29. Kf1 Rc8 30. Bd4 Bb3 31. Ke2 Kg6 32. Ra1 Ba4 33.
Ke3 f6 34. f4 Kf5 35. Rf1 h5 36. h3 Bc2 37. Rf2 Bb3 38. Rf1 Ra8 39. Bc5 Rd8 40.
Bd4 Ra8 41. Bc5 Rd8 42. Bd4 Rd7 43. Rf2 1/2-1/2

[Event "DVM U14 2017"]
[Site "Verden/Aller GER"]
[Date "2017.12.29"]
[Round "5"]
[White "Rajendram, Reanosh"]
[Black "Marx, Benedikt"]
[Result "0-1"]
[Termination "normal"]
[Board "9.2"]
[WhiteElo "1638"]
[BlackElo "1387"]
[WhiteTeam "SC Aurich"]
[BlackTeam "SK Bebenhausen"]
[PlyCount "64"]
[WhiteFideId "12965162"]
[BlackFideId "16255690"]
[EventCountry "GER"]
[EventRounds "7"]
[EventType "team-swiss"]
[EventDate "2017.12.26"]

1. e4 e5 2. Bc4 Nf6 3. d3 h6 4. Nf3 d6 5. c3 Be6 6. Bb3 Nbd7 7. Nbd2 Be7 8. h3
O-O 9. Nf1 Re8 10. g4 Nh7 11. Ng3 Rb8 12. Nf5 Bf6 13. h4 a6 14. Bxe6 fxe6 15.
Nxh6+ gxh6 16. Bxh6 Re7 17. g5 Bg7 18. Nh2 Bxh6 19. gxh6 Ndf6 20. Rg1+ Kh8 21.
Rg6 Qd7 22. Ng4 Rf8 23. Qe2 Qe8 24. Rg7 Rxg7 25. hxg7+ Kxg7 26. O-O-O Kh8 27.
Nxf6 Nxf6 28. Qe3 Nh7 29. Qg3 Qf7 30. Kb1 Qxf2 31. Qg6 Qf6 32. Qh5 Qf3 {
Aufgabe Weiß} 0-1

[Event "DVM U14 2017"]
[Site "Verden/Aller GER"]
[Date "2017.12.29"]
[Round "5"]
[White "Öz, Mert"]
[Black "Dirks, Simon"]
[Result "1-0"]
[Termination "normal"]
[Board "9.3"]
[WhiteElo "1379"]
[BlackElo "1281"]
[WhiteTeam "SK Bebenhausen"]
[BlackTeam "SC Aurich"]
[PlyCount "113"]
[WhiteFideId "16255704"]
[BlackFideId "16255666"]
[EventCountry "GER"]
[EventRounds "7"]
[EventType "team-swiss"]
[EventDate "2017.12.26"]

1. e4 c5 2. Nf3 d6 3. d4 cxd4 (3... Nf6) 4. Nxd4 Nf6 5. Nc3 a6 6. f3 e5 7. Nb3
Be7 8. Be3 Be6 9. Qd2 d5 10. exd5 Nxd5 11. Nxd5 Qxd5 12. Qxd5 Bxd5 13. O-O-O
Be6 14. Kb1 Nc6 15. Be2 b5 16. f4 e4 17. Nc5 Bxc5 18. Bxc5 f5 19. Rhe1 Kf7 20.
h3 h5 21. Rd6 Ne7 22. Red1 h4 23. b3 Rhc8 24. Ba3 Rc3 25. Bb2 Rg3 26. Bf1 g5
27. fxg5 Rxg5 28. Rb6 Nd5 29. Rb7+ Kg8 30. c4 Bc8 31. Rg7+ Rxg7 32. Bxg7 Ne3
33. Re1 Kxg7 34. Rxe3 f4 35. Re1 bxc4 36. Bxc4 Bb7 37. Rd1 Kf6 38. Rd6+ Kf5 39.
Rd7 Bc6 40. Rc7 Be8 41. Rc5+ Kf6 42. Bd5 Rd8 43. Bxe4 Rd4 44. Rc4 Rxc4 45. bxc4
a5 46. Kb2 Ke5 47. Bf3 Kd4 48. Kb3 Kd3 49. c5 Bf7+ 50. Ka4 Bxa2 51. Kxa5 Kd4
52. Kb6 Be6 53. c6 Bc8 54. c7 Ke3 55. Ka7 Bxh3 56. gxh3 Kxf3 57. c8=Q {Aufgabe
Schwarz} 1-0

[Event "DVM U14 2017"]
[Site "Verden/Aller GER"]
[Date "2017.12.29"]
[Round "5"]
[White "Goldbeck, Kilian"]
[Black "Andrei, Quentin"]
[Result "1-0"]
[Termination "normal"]
[Board "9.4"]
[WhiteElo "1292"]
[BlackElo "1034"]
[WhiteTeam "SC Aurich"]
[BlackTeam "SK Bebenhausen"]
[PlyCount "57"]
[WhiteFideId "16255674"]
[BlackFideId "16255712"]
[EventCountry "GER"]
[EventRounds "7"]
[EventType "team-swiss"]
[EventDate "2017.12.26"]

1. e4 e6 2. d4 d5 3. exd5 exd5 4. Bd3 c5 5. c3 Nc6 6. Nf3 Qb6 7. b3 Bg4 8. Be3
Nf6 9. Nbd2 Be7 10. O-O O-O 11. Qc2 Rad8 12. Rfe1 h6 13. h3 Bxf3 14. Nxf3 Rfe8
15. a4 a6 16. Rad1 Qa7 17. Nh4 b6 18. Qd2 Bf8 19. Nf5 Rxe3 20. Rxe3 Ne7 21.
Nxe7+ Bxe7 22. Qe2 Re8 23. Bxa6 Ne4 24. Bb5 Rd8 25. dxc5 bxc5 26. Rxd5 Rxd5 27.
Rxe4 Bg5 28. Re8+ Kh7 29. Qe4+ {Aufgabe Schwarz} 1-0

[Event "DVM U14 2017"]
[Site "Verden/Aller GER"]
[Date "2017.12.29"]
[Round "6"]
[White "Suvorov, Alexander"]
[Black "Krastev, Alexander"]
[Result "1/2-1/2"]
[Termination "normal"]
[Board "1.1"]
[WhiteElo "2126"]
[BlackElo "2004"]
[WhiteClock "00:00:48"]
[BlackClock "00:02:11"]
[WhiteTeam "SG Porz"]
[BlackTeam "Biebertaler SF"]
[PlyCount "84"]
[WhiteFideId "12977063"]
[BlackFideId "12989983"]
[EventCountry "GER"]
[EventRounds "7"]
[EventType "team-swiss"]
[EventDate "2017.12.26"]

1. d4 {[%clk 1:30:57]} Nf6 {[%clk 1:30:56]} 2. c4 {[%clk 1:31:24]} c5 {[%clk
1:31:22]} 3. d5 {[%clk 1:31:51]} g6 {[%clk 1:31:50]} 4. Nc3 {[%clk 1:32:10]}
Bg7 {[%clk 1:32:16]} 5. e4 {[%clk 1:32:34]} d6 {[%clk 1:32:43]} 6. Nf3 {[%clk
1:32:55]} O-O {[%clk 1:33:04]} 7. Bd3 {[%clk 1:32:55]} Bg4 {[%clk 1:32:49]} 8.
h3 {[%clk 1:32:54]} Bxf3 {[%clk 1:33:15]} 9. Qxf3 {[%clk 1:33:18]} e6 {[%clk
1:33:01]} 10. O-O {[%clk 1:32:27]} exd5 {[%clk 1:33:09]} 11. exd5 {[%clk
1:27:30]} Nfd7 {[%clk 1:31:47]} 12. Qg3 {[%clk 1:21:57]} Ne5 {[%clk 1:31:19]}
13. f4 {[%clk 1:19:03]} Nxd3 {[%clk 1:31:18]} 14. Qxd3 {[%clk 1:19:32]} f5
{[%clk 1:31:37]} 15. Bd2 {[%clk 1:17:45]} Na6 {[%clk 1:28:29]} 16. Rfe1 {[%clk
1:14:13]} Qd7 {[%clk 1:26:44]} 17. a3 {[%clk 1:11:55]} Nc7 {[%clk 1:23:46]} 18.
b4 {[%clk 1:10:17]} b6 {[%clk 1:22:20]} 19. bxc5 {[%clk 1:08:04]} bxc5 {[%clk
1:22:35]} 20. Rab1 {[%clk 1:07:47]} Rab8 {[%clk 1:22:30]} 21. Nb5 {[%clk
1:05:55]} Ne8 {[%clk 1:04:53]} 22. Re2 {[%clk 0:36:39]} a6 {[%clk 1:03:27]} 23.
Nc3 {[%clk 0:35:10]} Nc7 {[%clk 1:02:12]} 24. Rbe1 {[%clk 0:32:38]} Bf6 {[%clk
1:00:28]} 25. Qc2 {[%clk 0:29:51]} Rfe8 {[%clk 0:39:02]} 26. Rxe8+ {[%clk
0:26:49]} Nxe8 {[%clk 0:38:44]} 27. Rb1 {[%clk 0:24:07]} Qd8 {[%clk 0:35:07]}
28. Ne2 {[%clk 0:21:01]} Bg7 {[%clk 0:29:11]} 29. Rxb8 {[%clk 0:06:28]} Qxb8
{[%clk 0:29:31]} 30. Bc3 {[%clk 0:05:25]} Nf6 {[%clk 0:26:35]} 31. Kh2 {[%clk
0:05:00]} h5 {[%clk 0:16:45]} 32. Bxf6 {[%clk 0:03:40]} Bxf6 {[%clk 0:17:01]}
33. Ng1 {[%clk 0:02:24]} Qb2 {[%clk 0:08:07]} 34. Qxb2 {[%clk 0:02:07]} Bxb2
{[%clk 0:08:29]} 35. a4 {[%clk 0:02:33]} Kf7 {[%clk 0:06:30]} 36. Nf3 {[%clk
0:02:36]} Bf6 {[%clk 0:06:37]} 37. Kg3 {[%clk 0:02:20]} Ke7 {[%clk 0:05:48]}
38. Nd2 {[%clk 0:01:14]} Kd7 {[%clk 0:02:50]} 39. Nb3 {[%clk 0:01:26]} Bc3
{[%clk 0:03:12]} 40. Kf3 {[%clk 0:01:37]} Ke7 {[%clk 0:02:20]} 41. Nc1 {[%clk
0:00:48]} Kf6 {[%clk 0:02:11]} 42. Ke4 Ke5+ 1/2-1/2

[Event "DVM U14 2017"]
[Site "Verden/Aller GER"]
[Date "2017.12.29"]
[Round "6"]
[White "Engert, Kiyan"]
[Black "Suvorov, Luca"]
[Result "0-1"]
[Termination "normal"]
[Board "1.2"]
[WhiteElo "1560"]
[BlackElo "2079"]
[WhiteClock "00:30:55"]
[BlackClock "00:05:56"]
[WhiteTeam "Biebertaler SF"]
[BlackTeam "SG Porz"]
[PlyCount "114"]
[WhiteFideId "16214870"]
[BlackFideId "12977071"]
[EventCountry "GER"]
[EventRounds "7"]
[EventType "team-swiss"]
[EventDate "2017.12.26"]

1. d4 {[%clk 1:30:30]} Nf6 {[%clk 1:30:53]} 2. Nf3 {[%clk 1:31:15]} e6 {[%clk
1:31:18]} 3. Bf4 {[%clk 1:31:32]} b6 {[%clk 1:31:12]} 4. e3 {[%clk 1:31:17]}
Bb7 {[%clk 1:31:14]} 5. Nbd2 {[%clk 1:31:22]} d6 {[%clk 1:31:35]} 6. h3 {[%clk
1:30:41]} Nbd7 {[%clk 1:31:30]} 7. Be2 {[%clk 1:29:51]} g6 {[%clk 1:30:20]} 8.
O-O {[%clk 1:29:30]} Bg7 {[%clk 1:30:35]} 9. Bh2 {[%clk 1:29:09]} O-O {[%clk
1:30:44]} 10. c3 {[%clk 1:27:59]} Qe7 {[%clk 1:29:33]} 11. Nc4 {[%clk 1:25:53]}
Ne4 {[%clk 1:11:53]} 12. Qc2 {[%clk 1:19:24]} f5 {[%clk 1:10:14]} 13. a4 {[%clk
1:10:43]} g5 {[%clk 0:44:19]} 14. Nfd2 {[%clk 1:07:20]} Nxd2 {[%clk 0:36:59]}
15. Nxd2 {[%clk 1:06:49]} e5 {[%clk 0:33:33]} 16. a5 {[%clk 1:03:21]} e4 {[%clk
0:15:11]} 17. a6 {[%clk 0:58:20]} Bd5 {[%clk 0:13:09]} 18. c4 {[%clk 0:57:08]}
Bf7 {[%clk 0:12:54]} 19. Rae1 {[%clk 0:51:18]} Bg6 {[%clk 0:12:27]} 20. Qa4
{[%clk 0:47:54]} Nf6 {[%clk 0:08:54]} 21. b4 {[%clk 0:42:56]} Rae8 {[%clk
0:02:42]} 22. Nb3 {[%clk 0:41:55]} Qd7 {[%clk 0:02:16]} 23. b5 {[%clk 0:37:57]}
Qe7 {[%clk 0:01:06]} 24. Rc1 {[%clk 0:36:12]} Nd7 {[%clk 0:01:01]} 25. Rc2
{[%clk 0:28:41]} f4 {[%clk 0:01:04]} 26. Rfc1 {[%clk 0:28:48]} f3 {[%clk
0:00:43]} 27. Bf1 {[%clk 0:29:01]} fxg2 {[%clk 0:00:42]} 28. Bxg2 {[%clk
0:29:22]} Bh5 {[%clk 0:00:48]} 29. c5 {[%clk 0:29:15]} bxc5 {[%clk 0:00:33]}
30. dxc5 {[%clk 0:29:26]} Bf3 {[%clk 0:00:34]} 31. cxd6 {[%clk 0:28:50]} cxd6
{[%clk 0:01:03]} 32. Rc7 {[%clk 0:27:20]} Bxg2 {[%clk 0:00:48]} 33. Kxg2 {[%clk
0:27:42]} Qf6 {[%clk 0:00:47]} 34. Bg3 {[%clk 0:27:11]} Qf3+ {[%clk 0:00:40]}
35. Kg1 {[%clk 0:27:11]} Be5 {[%clk 0:00:48]} 36. Nd4 {[%clk 0:19:21]} Bxd4
{[%clk 0:00:54]} 37. Qxd4 {[%clk 0:19:33]} Ne5 {[%clk 0:00:42]} 38. Rxa7 {[%clk
0:17:42]} Qxg3+ {[%clk 0:00:37]} 39. fxg3 {[%clk 0:17:54]} Nf3+ {[%clk
0:01:06]} 40. Kg2 {[%clk 0:17:58]} Nxd4 {[%clk 0:01:34]} 41. exd4 {[%clk
0:17:54]} e3 {[%clk 0:25:29]} 42. Rcc7 {[%clk 0:40:51]} Rf2+ {[%clk 0:23:18]}
43. Kg1 {[%clk 0:41:08]} e2 {[%clk 0:22:43]} 44. Re7 {[%clk 0:40:22]} Rf1+
{[%clk 0:22:49]} 45. Kg2 {[%clk 0:40:35]} e1=Q {[%clk 0:22:46]} 46. Rxe1 {[%clk
0:40:49]} Rfxe1 {[%clk 0:22:27]} 47. b6 {[%clk 0:39:51]} Rf8 {[%clk 0:02:29]}
48. b7 {[%clk 0:31:58]} Re2+ {[%clk 0:02:36]} 49. Kg1 {[%clk 0:32:08]} Ree8
{[%clk 0:02:55]} 50. Kg2 {[%clk 0:30:44]} Rb8 {[%clk 0:03:15]} 51. h4 {[%clk
0:30:24]} g4 {[%clk 0:03:30]} 52. Kg1 {[%clk 0:30:29]} Kf7 {[%clk 0:03:54]} 53.
Kf2 {[%clk 0:30:15]} Ke6+ {[%clk 0:04:20]} 54. Ke3 {[%clk 0:30:14]} Kd5 {[%clk
0:04:42]} 55. Kd3 {[%clk 0:30:29]} Kc6 {[%clk 0:05:11]} 56. Kc4 {[%clk
0:30:35]} d5+ {[%clk 0:05:34]} 57. Kb4 {[%clk 0:30:55]} Kb6 {[%clk 0:05:56]}
0-1

[Event "DVM U14 2017"]
[Site "Verden/Aller GER"]
[Date "2017.12.29"]
[Round "6"]
[White "Zyla, Lennert"]
[Black "Peschel, Julia"]
[Result "1-0"]
[Termination "normal"]
[Board "1.3"]
[WhiteElo "1809"]
[BlackElo "1514"]
[WhiteClock "00:22:48"]
[BlackClock "00:08:41"]
[WhiteTeam "SG Porz"]
[BlackTeam "Biebertaler SF"]
[PlyCount "139"]
[WhiteFideId "12981567"]
[BlackFideId "16255593"]
[EventCountry "GER"]
[EventRounds "7"]
[EventType "team-swiss"]
[EventDate "2017.12.26"]

1. e4 {[%clk 1:30:56]} e5 {[%clk 1:30:50]} 2. Nf3 {[%clk 1:31:15]} Nc6 {[%clk
1:31:13]} 3. Bb5 {[%clk 1:31:25]} a6 {[%clk 1:31:07]} 4. Bxc6 {[%clk 1:31:13]}
dxc6 {[%clk 1:31:28]} 5. O-O {[%clk 1:31:11]} Qf6 {[%clk 1:30:32]} 6. d4 {[%clk
1:23:46]} exd4 {[%clk 1:30:13]} 7. Qxd4 {[%clk 1:24:09]} Qxd4 {[%clk 1:30:36]}
8. Nxd4 {[%clk 1:24:34]} Bd7 {[%clk 1:28:19]} 9. Nc3 {[%clk 1:22:41]} O-O-O
{[%clk 1:26:40]} 10. Be3 {[%clk 1:20:53]} Nf6 {[%clk 1:19:41]} 11. f3 {[%clk
1:19:11]} Bc5 {[%clk 1:17:08]} 12. Rad1 {[%clk 1:15:14]} g6 {[%clk 1:10:33]}
13. Bg5 {[%clk 0:58:47]} Be7 {[%clk 1:05:36]} 14. Rfe1 {[%clk 0:51:08]} h6
{[%clk 1:01:21]} 15. Be3 {[%clk 0:48:21]} Nh5 {[%clk 0:54:35]} 16. Bf2 {[%clk
0:45:19]} Nf4 {[%clk 0:45:04]} 17. Nb3 {[%clk 0:38:12]} b6 {[%clk 0:41:33]} 18.
Be3 {[%clk 0:32:18]} Bd6 {[%clk 0:34:25]} 19. Bxb6 {[%clk 0:30:54]} cxb6 {[%clk
0:27:57]} 20. Rxd6 {[%clk 0:29:55]} Rhf8 {[%clk 0:27:25]} 21. Red1 {[%clk
0:25:54]} Kc7 {[%clk 0:26:24]} 22. g3 {[%clk 0:22:56]} Nh3+ {[%clk 0:24:28]}
23. Kg2 {[%clk 0:22:33]} Ng5 {[%clk 0:24:50]} 24. Kf2 {[%clk 0:19:46]} Be6
{[%clk 0:18:38]} 25. Rxd8 {[%clk 0:19:39]} Rxd8 {[%clk 0:19:04]} 26. Rxd8
{[%clk 0:19:42]} Kxd8 {[%clk 0:19:30]} 27. f4 {[%clk 0:18:41]} Nh7 {[%clk
0:19:03]} 28. Nd4 {[%clk 0:18:13]} Bd7 {[%clk 0:18:34]} 29. Nf3 {[%clk
0:15:37]} Nf6 {[%clk 0:13:39]} 30. Ke2 {[%clk 0:13:21]} Bg4 {[%clk 0:12:02]}
31. Ke3 {[%clk 0:13:05]} Nd7 {[%clk 0:10:43]} 32. Nd1 {[%clk 0:06:32]} f6
{[%clk 0:06:25]} 33. Nf2 {[%clk 0:06:43]} Bxf3 {[%clk 0:06:23]} 34. Kxf3 {[%clk
0:06:50]} h5 {[%clk 0:06:04]} 35. Nd3 {[%clk 0:04:51]} a5 {[%clk 0:04:04]} 36.
g4 {[%clk 0:04:00]} Ke7 {[%clk 0:03:25]} 37. gxh5 {[%clk 0:03:20]} gxh5 {[%clk
0:03:48]} 38. Kg3 {[%clk 0:02:32]} b5 {[%clk 0:02:17]} 39. Kh4 {[%clk 0:02:11]}
c5 {[%clk 0:02:41]} 40. Kxh5 {[%clk 0:01:10]} c4 {[%clk 0:01:18]} 41. Nf2
{[%clk 0:30:07]} Kf7 {[%clk 0:29:50]} 42. Kg4 {[%clk 0:28:48]} Kg6 {[%clk
0:25:53]} 43. Kf3 {[%clk 0:27:55]} b4 {[%clk 0:24:21]} 44. Ke3 {[%clk 0:27:19]}
a4 {[%clk 0:20:30]} 45. Kd4 {[%clk 0:23:15]} b3 {[%clk 0:12:44]} 46. cxb3
{[%clk 0:23:00]} cxb3 {[%clk 0:11:04]} 47. axb3 {[%clk 0:23:00]} axb3 {[%clk
0:11:12]} 48. Kc4 {[%clk 0:22:46]} Nb6+ {[%clk 0:10:14]} 49. Kxb3 {[%clk
0:22:46]} f5 {[%clk 0:09:57]} 50. e5 {[%clk 0:21:39]} Nd5 {[%clk 0:10:13]} 51.
Nd3 {[%clk 0:20:41]} Ne3 {[%clk 0:08:10]} 52. Ka4 {[%clk 0:19:58]} Ng4 {[%clk
0:08:19]} 53. h3 {[%clk 0:20:02]} Ne3 {[%clk 0:08:06]} 54. b4 {[%clk 0:20:23]}
Kf7 {[%clk 0:08:32]} 55. Kb5 {[%clk 0:20:01]} Nd5 {[%clk 0:07:28]} 56. Kc6
{[%clk 0:19:37]} Ne7+ {[%clk 0:07:38]} 57. Kd7 {[%clk 0:19:51]} Nd5 {[%clk
0:07:41]} 58. b5 {[%clk 0:19:40]} Nb6+ {[%clk 0:07:50]} 59. Kc6 {[%clk
0:19:45]} Nc8 {[%clk 0:07:50]} 60. b6 {[%clk 0:20:06]} Ke8 {[%clk 0:07:44]} 61.
b7 {[%clk 0:20:11]} Ne7+ {[%clk 0:07:22]} 62. Kd6 {[%clk 0:20:24]} Kf7 {[%clk
0:07:01]} 63. b8=Q {[%clk 0:20:43]} Ng6 {[%clk 0:06:51]} 64. e6+ {[%clk
0:21:02]} Kf6 {[%clk 0:07:04]} 65. Qb2+ {[%clk 0:21:26]} Ne5 {[%clk 0:07:21]}
66. Qxe5+ {[%clk 0:21:48]} Kg6 {[%clk 0:07:46]} 67. Ke7 {[%clk 0:22:06]} Kh6
{[%clk 0:07:58]} 68. Qh8+ {[%clk 0:22:23]} Kg6 {[%clk 0:08:20]} 69. Qg8+ {[%clk
0:22:48]} Kh5 {[%clk 0:08:41]} 70. Qg5# 1-0

[Event "DVM U14 2017"]
[Site "Verden/Aller GER"]
[Date "2017.12.29"]
[Round "6"]
[White "Röhm, Adrian"]
[Black "Gallasch, Robin"]
[Result "0-1"]
[Termination "normal"]
[Board "1.4"]
[WhiteElo "1561"]
[BlackElo "1682"]
[WhiteClock "00:20:32"]
[BlackClock "00:03:43"]
[WhiteTeam "Biebertaler SF"]
[BlackTeam "SG Porz"]
[PlyCount "114"]
[WhiteFideId "16213505"]
[BlackFideId "16222423"]
[EventCountry "GER"]
[EventRounds "7"]
[EventType "team-swiss"]
[EventDate "2017.12.26"]

1. e4 c6 {[%clk 1:30:57]} 2. d4 {[%clk 1:31:17]} d5 {[%clk 1:31:25]} 3. Nd2
{[%clk 1:31:43]} dxe4 {[%clk 1:31:51]} 4. Nxe4 {[%clk 1:32:06]} Bf5 {[%clk
1:32:19]} 5. Ng3 {[%clk 1:32:27]} Bg6 {[%clk 1:32:47]} 6. Nf3 {[%clk 1:32:50]}
Nd7 {[%clk 1:33:14]} 7. h4 {[%clk 1:32:20]} h6 {[%clk 1:33:39]} 8. h5 {[%clk
1:32:46]} Bh7 {[%clk 1:34:06]} 9. Bd3 {[%clk 1:33:13]} Bxd3 {[%clk 1:34:32]}
10. Qxd3 {[%clk 1:33:36]} e6 {[%clk 1:34:55]} 11. Bd2 {[%clk 1:33:55]} Ngf6
{[%clk 1:35:19]} 12. O-O-O {[%clk 1:33:51]} Be7 {[%clk 1:35:45]} 13. Kb1 {[%clk
1:33:56]} O-O {[%clk 1:36:09]} 14. Ne4 {[%clk 1:34:18]} c5 {[%clk 1:34:09]} 15.
Bc1 {[%clk 1:18:25]} cxd4 {[%clk 1:23:53]} 16. Nxd4 {[%clk 1:14:07]} Nc5 {[%clk
1:24:01]} 17. Nxf6+ {[%clk 1:13:46]} Bxf6 {[%clk 1:24:25]} 18. Qe3 {[%clk
1:14:03]} Qb6 {[%clk 1:20:48]} 19. Nb3 {[%clk 1:12:40]} Nxb3 {[%clk 1:18:00]}
20. Qxb6 {[%clk 1:12:57]} axb6 {[%clk 1:18:23]} 21. cxb3 {[%clk 1:13:22]} Rfd8
{[%clk 0:47:17]} 22. Be3 {[%clk 1:11:10]} b5 {[%clk 0:47:25]} 23. Bb6 {[%clk
1:11:15]} Rxd1+ {[%clk 0:47:30]} 24. Rxd1 {[%clk 1:11:37]} Rc8 {[%clk 0:47:51]}
25. Rd7 {[%clk 1:11:41]} Bg5 {[%clk 0:48:13]} 26. Be3 {[%clk 1:10:46]} Bxe3
{[%clk 0:48:35]} 27. fxe3 {[%clk 1:11:11]} Rc5 {[%clk 0:48:49]} 28. g4 {[%clk
1:11:01]} f5 {[%clk 0:49:06]} 29. gxf5 {[%clk 1:10:30]} Rxf5 {[%clk 0:49:14]}
30. Rxb7 {[%clk 1:10:29]} Rxh5 {[%clk 0:40:57]} 31. a4 {[%clk 1:01:49]} bxa4
{[%clk 0:35:10]} 32. bxa4 {[%clk 1:02:13]} Ra5 {[%clk 0:35:28]} 33. Rb4 {[%clk
0:55:37]} g5 {[%clk 0:33:36]} 34. b3 {[%clk 0:54:27]} Kf7 {[%clk 0:33:19]} 35.
Kc2 {[%clk 0:53:26]} h5 {[%clk 0:31:29]} 36. Kd3 {[%clk 0:52:36]} Ke7 {[%clk
0:29:17]} 37. Ke2 {[%clk 0:45:25]} Kd6 {[%clk 0:25:50]} 38. e4 {[%clk 0:41:51]}
Ke5 {[%clk 0:22:19]} 39. Ke3 {[%clk 0:40:21]} g4 {[%clk 0:17:05]} 40. Rb8
{[%clk 0:39:33]} Rc5 {[%clk 0:15:47]} 41. b4 {[%clk 0:30:04]} Rc3+ {[%clk
0:15:09]} 42. Kd2 {[%clk 0:30:15]} Ra3 {[%clk 0:15:21]} 43. Rb5+ {[%clk
0:29:20]} Kxe4 {[%clk 0:15:42]} 44. Rxh5 {[%clk 0:27:07]} Rxa4 {[%clk 0:14:19]}
45. Rh4 {[%clk 0:25:54]} Kf3 {[%clk 0:13:38]} 46. b5 {[%clk 0:26:10]} Rb4
{[%clk 0:13:04]} 47. Rh6 {[%clk 0:26:16]} Rxb5 {[%clk 0:05:09]} 48. Rxe6 {[%clk
0:26:36]} Rf5 {[%clk 0:04:39]} 49. Re3+ {[%clk 0:23:53]} Kg2 {[%clk 0:04:51]}
50. Ke1 {[%clk 0:23:49]} g3 {[%clk 0:03:14]} 51. Re2+ {[%clk 0:22:20]} Kh1
{[%clk 0:02:21]} 52. Re4 {[%clk 0:20:47]} g2 {[%clk 0:02:20]} 53. Rh4+ {[%clk
0:21:03]} Kg1 {[%clk 0:02:43]} 54. Ke2 {[%clk 0:21:24]} Re5+ {[%clk 0:03:01]}
55. Kd2 {[%clk 0:20:25]} Kf2 {[%clk 0:03:23]} 56. Rf4+ {[%clk 0:20:06]} Kg3
{[%clk 0:03:43]} 57. Rf7 {[%clk 0:20:32]} Rg5 0-1